00408nam a2200121 a 450000500170000000800410001705000240005824500470008265000120012994200080014199900190014995201180016820140414093836.0030611s19uu xx 00 eng d aCD 004.56bKEY 1996 aKey photos :bfor windows3.1/95 macintosh. aCD-ROM. cAVM c109042d109042 001040aLUXbLUXcAVd2003-06-11eLib. Fundl0oCD 004.56 KEY 1996pAV0569r2014-04-14 00:00:00w2014-04-14yAVM